Library Banner

Topkapi palace / (Record no. 100103)

MARC details
000 -LEADER
fixed length control field 00397nam a22001577a 4500
005 - DATE AND TIME OF LATEST TRANSACTION
control field 20171121095351.0
008 - FIXED-LENGTH DATA ELEMENTS--GENERAL INFORMATION
fixed length control field 171120b xxu||||| |||| 00| 0 eng d
020 ## - INTERNATIONAL STANDARD BOOK NUMBER
International Standard Book Number 9789757039303
040 ## - CATALOGING SOURCE
Transcribing agency PK-LaUMT
082 ## - DEWEY DECIMAL CLASSIFICATION NUMBER
Classification number TRC 956.1015
Item number TOP-
245 ## - TITLE STATEMENT
Title Topkapi palace /
Statement of responsibility, etc edited by Ilhan Aksit
260 ## - PUBLICATION, DISTRIBUTION, ETC. (IMPRINT)
Place of publication, distribution, etc Istanbul :
Name of publisher, distributor, etc Aksit,
Date of publication, distribution, etc 2010
300 ## - PHYSICAL DESCRIPTION
Extent 297 p.
650 ## - SUBJECT ADDED ENTRY--TOPICAL TERM
Topical term or geographic name as entry element Architecture
942 ## - ADDED ENTRY ELEMENTS (KOHA)
Koha item type Books
Holdings
Withdrawn status Lost status Damaged status Home library Current library Date acquired Full call number Barcode Date last seen Price effective from Koha item type
      UMT Main Campus UMT Main Campus 2017-11-20 TRC 956.1015 TOP- 116009 2022-07-07 2017-11-20 Turkish Collection